000 00335nam a22001457a 4500
008 181122b xxu||||| |||| 00| 0 eng d
020 _a9780815104384
041 _aeng
080 _a618
082 _a618
100 _a10
101 _aEND
245 _aThe year book of Endocrinology
_cBagdade.J.D
942 _2udc
_cBK
999 _c52361
_d52361